LEADER 01434nam--2200421---450- 001 990002970660203316 005 20070910151430.0 010 $a3-540-29755-3 035 $a000297066 035 $aUSA01000297066 035 $a(ALEPH)000297066USA01 035 $a000297066 100 $a20070910d2005----km-y0itay0103----ba 101 0 $aeng 102 $aDE 105 $aa|||||||001yy 200 1 $aAgents and Peer-to-Peer Computing$e3rd International workshop, AP2PC 2004$eNew york, NY, USA, July 19, 2004$eRevised and Invited Papers$fGianluca Moro, Sonia Bergamaschi, Karl Aberer(Eds.) 210 $aBerlin [etc.]$cSpringer$d[c2005] 215 $aXV, 244 p.$cill.$d24 cm. 225 2 $aLecture notes in Artificial Intelligence$iHot Topics$v3601 225 2 $aLecture notes in computer science 410 0$12001$aLecture notes in Artificial Intelligence$iHot Topics$v3601 454 1$12001 461 1$1001-------$12001 606 0 $aReti di Elaboratori$xCongressi$yNew York$z2004 606 0 $aIntelligenza Artificiale 676 $a004 702 1$aMORO,$bGianluca 702 1$aBERGAMASCHI,$bSonia 702 1$aABERER,$bKarl 801 0$aIT$bsalbc$gISBD 912 $a990002970660203316 951 $a006.3 LNAI 3601$b32658/CBS$c006.3$d00112846 959 $aBK 969 $aSCI 979 $aSENATORE$b90$c20070910$lUSA01$h1514 996 $aAgents and Peer-to-Peer Computing$9772342 997 $aUNISA LEADER 00999nam a22002531i 4500 001 991003140849707536 005 20030902102321.0 008 030925s1907 it |||||||||||||||||ita 035 $ab12385591-39ule_inst 035 $aARCHE-043312$9ExL 040 $aBiblioteca Interfacoltà$bita$cA.t.i. Arché s.c.r.l. Pandora Sicilia s.r.l. 082 04$a850 100 1 $aChecchia, Giuseppe$0195973 245 10$aCritica e arte :$bnella prosa di Giosue Carducci : primo saggio /$cGiuseppe Checchia 260 $aTrani :$bDitta tip. ed. Vecchi e C.,$c1907 300 $a113 p. ;$c22 cm 500 $aEstr. da Rassegna pugliese, v. 21, n.11-12 sgg. 650 4$aCarducci, Giosuè 907 $a.b12385591$b02-04-14$c08-10-03 912 $a991003140849707536 945 $aLE002 Busta A 13/4 (Fondo Guerrieri)$g1$i2002000116291$lle002$o-$pE0.00$q-$rn$so $t0$u0$v0$w0$x0$y.i12792494$z08-10-03 996 $aCritica e arte$9170027 997 $aUNISALENTO 998 $ale002$b08-10-03$cm$da $e-$fita$git $h0$i1